| 000 | 00631nam a2200217 a 4500 | ||
|---|---|---|---|
| 001 | BRCA_6536 | ||
| 005 | 20190320205509.0 | ||
| 008 | 290911s1867----fr-#######---#000-0#fre-# | ||
| 041 | _afr | ||
| 044 | _afre | ||
| 050 | 4 |
_aPQ2369 _b.A17 1867 |
|
| 100 | 1 |
_aMusset, Alfred de _d1810-1857 _915413 |
|
| 245 | 1 | 0 |
_aPremieres poiesies _cAlfred de Musset. |
| 260 |
_aParís _bCharpentier _c1867 |
||
| 300 |
_a356 p. _c18 cm. |
||
| 500 | _aL77 | ||
| 505 | 0 | _aContenido: Poesies nouvelles de Alfred De Musset: 1836-1852.-- París: Charpentier, 1867.-- 297 pp. | |
| 650 | 1 | 4 |
_aLiteratura francesa _916316 |
| 902 | _aGFM | ||
| 942 |
_2lcc _cB |
||
| 999 |
_c6220 _d6220 |
||